000
00296nam a22001337a 4500
008
181029b xxu||||| |||| 00| 0 eng d
020
_a
0471819891
041
_a
eng
080
_2
3rd
_a
530
100
_a
43
101
_a
FIZ
245
_a
Fundamentals of Physics
_c
Halliday,D
942
_2
udc
_c
BK
999
_c
50953
_d
50953